[Event "Andorra op"]
[Site "Andorra"]
[Date "1993.??.??"]
[Round "6"]
[White "Magerramov, Elmar"]
[Black "Wedberg, Tom"]
[Result "1-0"]
[WhiteElo "2545"]
[BlackElo "2460"]

1.d4 Nf6 2.c4 e6 3.Nf3 c5 4.d5 d6 5.Nc3 exd5 6.cxd5 g6 7.h3 Bg7 8.e4 O-O
9.Bd3 Re8 10.O-O c4 11.Bc2 b5 12.Nxb5 Nxe4 13.Bxe4 Rxe4 14.Nd2 Rh4 15.Re1 Ba6
16.a4 Bxb5 17.axb5 Rd4 18.Qe2 Nd7 19.Nxc4 Rxd5 20.Bf4 Rxb5 21.Nxd6 Rxb2 22.Qf3 Qf8
23.Rad1 Nb6 24.Bg5 f5 25.Be7 Qb8 26.Qe3 h5 27.Bf6  1-0

[Event "AUT-chT"]
[Site "?"]
[Date "1993.??.??"]
[Round "?"]
[White "Herndl, Harald"]
[Black "Fischer, Jo"]
[Result "1-0"]
[WhiteElo "2260"]
[BlackElo "2300"]

1.d4 Nf6 2.c4 c5 3.d5 e6 4.Nc3 exd5 5.cxd5 d6 6.Nf3 g6 7.Nd2 a6 8.a4 Nbd7
9.e4 Bg7 10.Be2 O-O 11.O-O Ne8 12.Re1 f5 13.exf5 Rxf5 14.Bg4 Rf8 15.Be6+ Kh8
16.Nde4 Qc7 17.Ng5 Ndf6 18.Qd3 Ng4 19.Qh3 h5 20.Nce4 Nef6 21.Qd3 c4 22.Qc2 Ne5
23.Ra3 Rb8 24.Bxc8 Rbxc8 25.Ne6 Qa5 26.Rd1 Nxe4 27.Qxe4 Rf5 28.Be3 Ng4 29.Nxg7 Kxg7
30.Qe7+ Rf7 31.Bd4+ Kg8 32.Qe6 Ne5 33.Qxc8+  1-0

[Event "AUT-chT2S 9293"]
[Site "AUT"]
[Date "1993.??.??"]
[Round "?"]
[White "Deutsch, Ludwig"]
[Black "Gigerl, Erich"]
[Result "1/2-1/2"]
[WhiteElo "2200"]
[BlackElo "2315"]

1.d4 Nf6 2.Nf3 c5 3.c4 e6 4.d5 exd5 5.cxd5 d6 6.Nc3 g6 7.e4 Bg7 8.Be2 O-O
9.O-O Re8 10.Qc2 Bg4 11.h3 Bxf3 12.Bxf3 Nbd7 13.Be2 a6 14.a4 Qc7 15.a5 c4
16.Ra4 b5 17.axb6 Nxb6 18.Ra2 Nfd7 19.Be3 Nc5 20.Bxc5 Qxc5 21.Na4 Nxa4 22.Rxa4 Qd4
23.Bxc4  1/2-1/2

[Event "Balatonbereny op"]
[Site "Balatonbereny"]
[Date "1993.??.??"]
[Round "1"]
[White "Berebora, Ferenc"]
[Black "Juhasz, Laszlo"]
[Result "1-0"]
[WhiteElo "2425"]
[BlackElo "2165"]

1.d4 Nf6 2.c4 e6 3.Nf3 c5 4.d5 exd5 5.cxd5 d6 6.Nc3 g6 7.e4 Bg7 8.h3 O-O
9.Bd3 a6 10.a4 Qc7 11.O-O c4 12.Bc2 Nbd7 13.Re1 Rb8 14.Be3 Nc5 15.a5 Nfd7
16.Bd4 f6 17.Na4 Nxa4 18.Rxa4 b5 19.axb6 Nxb6 20.Ra3 Nd7 21.Qd2 Ne5 22.Nh4 g5
23.Nf3 Bh6 24.Qc3 Kh8 25.Nh2 Rg8 26.Ra4 Bd7 27.Rxa6 g4 28.hxg4 Nxg4 29.Nxg4 Rxg4
30.Ra7 Qc8 31.Bxf6+ Bg7 32.g3  1-0

[Event "Barcelona"]
[Site "Barcelona"]
[Date "1993.??.??"]
[Round "1"]
[White "Solozhenkin, Evgeniy"]
[Black "Vehi Bach, Victor Manuel"]
[Result "1-0"]
[WhiteElo "2515"]
[BlackElo "2380"]

1.d4 Nf6 2.c4 e6 3.Nf3 c5 4.d5 d6 5.Nc3 exd5 6.cxd5 g6 7.e4 a6 8.a4 Bg4 9.Be2 Bxf3
10.Bxf3 Nbd7 11.O-O Bg7 12.Bf4 Qe7 13.Re1 O-O 14.a5 Ne5 15.Be2 Rfe8 16.h3 Rac8
17.Bh2 g5 18.Bf1 Ng6 19.Qd2 Nd7 20.Ne2 Nde5 21.Ng3 Nh4 22.Be2 Qf6 23.Ra3 Qg6
24.Nh5 h6 25.Re3 Rcd8 26.Nxg7 Qxg7 27.g3 Nhg6 28.Kh1 Nd7 29.Bf1 Rf8 30.b4 b5
31.f4 Rc8 32.bxc5 Rxc5 33.Qf2 Rfc8 34.h4 Qf6 35.h5 Nge5 36.Bh3 Rc2 37.Qf1 Nc4
38.R3e2 Rxe2 39.Qxe2 Rd8 40.Bg4 Kf8 41.e5 dxe5 42.Bxd7 Rxd7 43.fxe5 Qe7 44.Qe4 Kg8
45.g4 Nd2 46.Qd3 Nc4 47.e6 fxe6 48.Qg6+ Qg7 49.Qe8+ Kh7 50.Rxe6 b4 51.Rg6  1-0

[Event "Barcelona UGA"]
[Site "Barcelona"]
[Date "1993.??.??"]
[Round "2"]
[White "Campos, Luis Maria"]
[Black "Pares Vives, Jose"]
[Result "1/2-1/2"]
[WhiteElo "2345"]
[BlackElo "2350"]

1.d4 Nf6 2.c4 e6 3.Nc3 c5 4.d5 exd5 5.cxd5 d6 6.Nf3 g6 7.g3 Bg7 8.Bg2 O-O
9.O-O a6 10.a4 Nbd7 11.Nd2 Rb8 12.Nc4 Ne8 13.a5 Ne5 14.Nb6 Nd7 15.Nxc8 Rxc8
16.Qb3 Qc7 17.Ra4 Nef6 18.h3 Rfe8 19.Kh2 Ne5 20.f4 Ned7 21.e4 c4 22.Qa2 Qc5
23.Re1 Nh5 24.g4 Qf2 25.Rf1 Qg3+ 26.Kh1 Nhf6 27.Rxc4 b5 28.axb6 Nxg4 29.hxg4 Nxb6
30.Rb4 a5 31.Qxa5 Nc4 32.Qa7 Rc5 33.Qxc5 dxc5 34.Rxc4 Qh4+ 35.Kg1 Bd4+ 36.Rxd4 cxd4
37.Nb5 Qxg4 38.e5 d3 39.Nd4 Rb8 40.d6 d2 41.Bxd2 Rxb2 42.Nf3 h5 43.Rf2 h4
44.Nh2 Rb1+ 45.Rf1 Rxf1+ 46.Kxf1 Qg3 47.Nf3 h3 48.Bh1 Kf8 49.Ke2 h2 50.Be3 Ke8
51.Kd3 Qh3 52.Nxh2 Kd7 53.Bf3 Qxh2 54.Bg4+ Kc6 55.d7 Qh4 56.e6 fxe6 57.Bxe6 Qd8
58.Bd4 Kd6 59.Bg4 Kd5 60.Be5 g5  1/2-1/2

[Event "Oberliga Bayern9394"]
[Site "Bayern"]
[Date "1993.??.??"]
[Round "?"]
[White "Kraeussling, Andreas"]
[Black "Welch, Andreas"]
[Result "1-0"]
[WhiteElo "2270"]
[BlackElo "1900"]

1.d4 Nf6 2.c4 c5 3.d5 e6 4.Nc3 exd5 5.cxd5 d6 6.Nf3 g6 7.Nd2 a6 8.a4 Nbd7
9.e4 Bg7 10.Nc4 Nb6 11.Ne3 O-O 12.Bd3 Qc7 13.O-O Re8 14.f4 Rb8 15.Kh1 c4
16.Bc2 Nbd7 17.a5 b5 18.axb6 Nxb6 19.g4 h5 20.g5 Ng4 21.Ng2 Qc5 22.Qf3 Bd4
23.Nd1 Nd7 24.h3 f5 25.hxg4 fxe4 26.Qg3 hxg4 27.Nge3 Kg7 28.Nxg4 Qxd5 29.Nc3 Qc6
30.Be3 Rh8+ 31.Nh6 Bxe3 32.Qxe3 Qc5 33.Rae1 Rxb2 34.Bxe4 Qxe3 35.Rxe3 Nc5
36.Bd5 Nd3 37.Nd1 Bg4 38.Nxb2 Nxb2 39.Re7+ Kf8 40.Rfe1 c3 41.Rf7+  1-0

[Event "Beijing op"]
[Site "Beijing"]
[Date "1993.??.??"]
[Round "9"]
[White "Peng, Zhaoqin"]
[Black "Emms, John M"]
[Result "0-1"]
[WhiteElo "2335"]
[BlackElo "2455"]

1.d4 Nf6 2.c4 e6 3.Nf3 c5 4.d5 d6 5.Nc3 exd5 6.cxd5 g6 7.Nd2 Bg7 8.e4 O-O
9.Be2 Na6 10.O-O Nc7 11.a4 b6 12.Re1 Re8 13.h3 Rb8 14.Bb5 Re7 15.Nf3 a6 16.Bc6 Nd7
17.Bg5 f6 18.Bf4 Ne8 19.Qc2 Ne5 20.Nxe5 fxe5 21.Be3 Nf6 22.g4 Rf7 23.f3 h5
24.g5 Nh7 25.Qg2 h4 26.Kh2 Bf8 27.Rg1 Be7 28.Raf1 Qf8 29.Qd2 Rxf3 30.Qg2 Rxe3
31.Rxf8+ Bxf8 32.Qf2 Rxh3+ 33.Kg2 Bg4 34.Rc1 Rg3+ 35.Kh2 Rf3 36.Qxh4 Rh3+
37.Qxh3 Bxh3 38.Kxh3 Nxg5+ 39.Kg4 Be7 40.Re1 Kg7 41.Nd1 Rf8 42.Bd7 Nf3  0-1

[Event "Benasque op"]
[Site "Benasque"]
[Date "1993.??.??"]
[Round "3"]
[White "Huzman, Alexander"]
[Black "Galego, Luis"]
[Result "1-0"]
[WhiteElo "2520"]
[BlackElo "2390"]

1.d4 Nf6 2.Nf3 e6 3.c4 c5 4.d5 exd5 5.cxd5 d6 6.Nc3 g6 7.e4 Bg7 8.h3 O-O
9.Bd3 Na6 10.O-O Re8 11.Re1 Nc7 12.a4 b6 13.Bf4 a6 14.Qd2 Bb7 15.Rab1 b5
16.b4 c4 17.Bc2 Qd7 18.Nd4 Nh5 19.Bh2 Re7 20.Re2 Rae8 21.Rbe1 Bf6 22.g4 Ng7
23.Kg2 g5 24.a5 h6 25.f4 h5 26.fxg5 Bxd4 27.Qxd4 hxg4 28.Re3 gxh3+ 29.Rxh3 Re5
30.Bxe5 Rxe5 31.Reh1 Rxg5+ 32.Kf2 Kf8 33.Qf6  1-0

[Event "Benidorm op"]
[Site "Benidorm"]
[Date "1993.??.??"]
[Round "6"]
[White "Vyzmanavin, Alexey"]
[Black "Emms, John M"]
[Result "1/2-1/2"]
[WhiteElo "2620"]
[BlackElo "2450"]

1.d4 Nf6 2.c4 e6 3.Nf3 c5 4.d5 d6 5.Nc3 exd5 6.cxd5 g6 7.e4 a6 8.h3 b5 9.Bd3 Bg7
10.O-O c4 11.Bc2 O-O 12.Bf4 Re8 13.Re1 Bb7 14.Rc1 Qb6 15.Be3 Qa5 16.a3 Nbd7
17.Qd2 Qc7 18.Nd4 Nc5 19.f3 Nfd7 20.f4 Rab8 21.Bf2 Ba8 22.Nf3 b4 23.axb4 Rxb4
24.Bd4 Bxd4+ 25.Qxd4 Rxb2 26.e5 dxe5 27.Nxe5 Nxe5 28.fxe5 Qb6 29.Rb1 Rxb1
30.Rxb1 Qc7 31.Qxc4 Rc8 32.Re1 Nd7 33.Qxc7 Rxc7 34.e6 fxe6 35.dxe6 Nf6 36.Re3 Kf8
37.Bb3 Ke7 38.g4  1/2-1/2

[Event "Bern op"]
[Site "Bern"]
[Date "1993.??.??"]
[Round "8"]
[White "Van der Sterren, Paul"]
[Black "Kunze, Markus"]
[Result "1/2-1/2"]
[WhiteElo "2490"]
[BlackElo "2320"]

1.d4 Nf6 2.c4 c5 3.d5 e6 4.Nc3 exd5 5.cxd5 d6 6.Nf3 g6 7.Nd2 Bg7 8.e4 O-O
9.Be2 Re8 10.O-O Na6 11.f3 Nc7 12.a4 b6 13.Kh1 Rb8 14.Nc4 Ba6 15.Bg5 h6 16.Be3 Bxc4
17.Bxc4 a6 18.Qd3 Qc8 19.Bf4 Bf8 20.Rab1 Nd7 21.b4 g5 22.Bg3 Ne5 23.Bxe5 Rxe5
24.bxc5 bxc5 25.Rxb8 Qxb8 26.Rb1 Qa7 27.a5 Re8 28.Rb6 Na8 29.Rxa6 Qb7 30.Bb5 Rb8
31.e5 Bg7 32.Rxd6 Qe7 33.Ne4 Qxe5 34.g4 Qf4 35.Kg2 Be5 36.Rxh6 Nc7 37.Rb6 Rd8
38.Bc4 Qxh2+ 39.Kf1 Ne6 40.Rxe6 fxe6 41.Nxg5  1/2-1/2

[Event "Bucharest"]
[Site "Bucharest"]
[Date "1993.??.??"]
[Round "?"]
[White "Gagarin, Vasilij"]
[Black "Ionescu, Constantin"]
[Result "0-1"]
[WhiteElo "2450"]
[BlackElo "2475"]

1.d4 Nf6 2.Nf3 e6 3.c4 c5 4.d5 d6 5.Nc3 exd5 6.cxd5 a6 7.a4 g6 8.e4 Bg4 9.Be2 Bxf3
10.Bxf3 Qe7 11.O-O Bg7 12.Bg5 Nbd7 13.Re1 h6 14.Bh4 Ne5 15.Be2 g5 16.Bg3 O-O
17.Qc2 Ng6 18.a5 Nf4 19.Bf3 Nd7 20.Bg4 Ne5 21.Bf5 Ned3 22.Re3 Nb4 23.Qd2 Be5
24.Ne2 Nxe2+ 25.Qxe2 Bd4 26.Rb3 Kg7 27.Qh5 Rae8 28.h4 Rh8 29.Rd1 Bf6 30.Qe2 Be5
31.Bxe5+ Qxe5 32.Qh5 Re7 33.hxg5 Nc2 34.gxh6+ Rxh6 35.Qg4+ Kf8 36.Rh3 Rxh3
37.Qxh3 Nd4 38.Qh6+ Ke8 39.Bh7 Kd7 40.Qh3+ Kc7 41.Qd3 Qh5 42.f3 Qxh7 43.b4 Qh6
44.bxc5 dxc5 45.Qc4 Qe3+ 46.Kh1 Kd6  0-1

[Event "Bucharest Tim"]
[Site "Bucharest"]
[Date "1993.??.??"]
[Round "2"]
[White "Salgado Allaria, Carlos"]
[Black "Ionescu, Constantin"]
[Result "0-1"]
[WhiteElo "2205"]
[BlackElo "2475"]

1.d4 Nf6 2.Nf3 e6 3.c4 c5 4.d5 d6 5.Nc3 exd5 6.cxd5 a6 7.a4 g6 8.h3 Qe7 9.Nd2 Nbd7
10.Nc4 Ne5 11.Nb6 Rb8 12.Bg5 h6 13.Bf4 Bg7 14.e3 Bf5 15.Be2 O-O 16.O-O Nfd7
17.Nxd7 Bxd7 18.a5 f5 19.Re1 g5 20.Bh2 f4 21.exf4 gxf4 22.Bg4 Bxg4 23.Qxg4 Nxg4
24.Rxe7 Nxh2 25.Kxh2 Be5 26.f3 Rf7 27.Re6 Rf6 28.Re7 Kf8 29.Rh7 Rg6 30.Rc7 Rg7
31.Rxg7 Kxg7 32.Re1 b5 33.axb6 Rxb6 34.Re2 Kf6 35.Kg1 Kf5 36.Kf1 a5 37.Ke1 Rxb2
38.Na4 Rb1+ 39.Kd2 Rb4 40.Nc3 Rb2+  0-1

[Event "Bucharest Caissa"]
[Site "Bucharest"]
[Date "1993.??.??"]
[Round "7"]
[White "Groszpeter, Attila"]
[Black "Stajcic, Nikola"]
[Result "1-0"]
[WhiteElo "2525"]
[BlackElo "2270"]

1.d4 Nf6 2.c4 e6 3.Nc3 c5 4.d5 exd5 5.cxd5 d6 6.Nf3 g6 7.Bg5 a6 8.a4 Bg7
9.e3 h6 10.Bh4 g5 11.Bg3 Nh5 12.Bd3 Qe7 13.Qc2 Nxg3 14.hxg3 Nd7 15.Bf5 Nf6
16.a5 Bxf5 17.Qxf5 Rb8 18.Nd2 O-O 19.Nc4 Rfe8 20.O-O Nd7 21.Na4 Rbd8 22.Rfc1 Nf6
23.Nab6 Qe4 24.Qxe4 Rxe4 25.f3 Re7 26.g4 h5 27.gxh5 Nxh5 28.g4 Nf6 29.Kf2 Ne8
30.Rh1 Nc7 31.Rh5 Bf6 32.Ke2 Nb5 33.Kd3 Rde8 34.Na4 Nc7 35.Nc3 Bxc3 36.bxc3 f6
37.e4 Nb5 38.Rah1 Rg7 39.Ne3 c4+ 40.Kd2 Kf8 41.Nf5  1-0

[Event "Budapest FS02 GM"]
[Site "Budapest"]
[Date "1993.??.??"]
[Round "?"]
[White "Farago, Ivan"]
[Black "Lyrberg, Patrik"]
[Result "1-0"]
[WhiteElo "2510"]
[BlackElo "2395"]

1.d4 Nf6 2.c4 e6 3.Nf3 c5 4.d5 exd5 5.cxd5 d6 6.Nc3 g6 7.Nd2 Bg7 8.e4 O-O
9.Be2 Re8 10.O-O Nbd7 11.a4 Ne5 12.Qc2 Nfg4 13.h3 Nh6 14.f4 Nd7 15.Nf3 f5
16.Ng5 Nf8 17.e5 dxe5 18.Bc4 Nf7 19.Nxf7 Kxf7 20.Nb5 e4 21.Be3 b6 22.Nc7 Bb7
23.d6+ Ne6 24.Rad1 Qd7 25.b4 Rac8 26.bxc5 bxc5 27.Nxe6 Rxe6 28.Bxe6+ Qxe6
29.d7 Rd8 30.Qxc5  1-0

[Event "Budapest"]
[Site "Budapest"]
[Date "1993.??.??"]
[Round "?"]
[White "Materzic, Christian"]
[Black "Szalanczy, Emil"]
[Result "1/2-1/2"]
[WhiteElo "2175"]
[BlackElo "2365"]

1.d4 Nf6 2.c4 c5 3.d5 e6 4.Nc3 exd5 5.cxd5 d6 6.Nf3 g6 7.Bf4 a6 8.e4 Bg7
9.Qa4+ Bd7 10.Qb3 Qe7 11.Qxb7 Nxe4 12.Nxe4 Qxe4+ 13.Be3 Qb4+ 14.Qxb4 cxb4
15.O-O-O O-O 16.Bd3 Bg4 17.Kb1 Nd7 18.Rc1 a5 19.h3 Bxf3 20.gxf3 a4 21.Bb5 Ne5
22.f4 Nf3 23.Rc4 a3 24.b3 Bc3 25.Bc6 Rac8 26.Kc2 Rc7 27.Kd3 Re7 28.Rxc3 bxc3
29.b4 Rb8 30.b5 Nh4 31.Kxc3 Nf5 32.Bc1 Re2 33.Bxa3 Rxa2 34.Bb4 Rxf2 35.Rd1 Rxf4
36.Ba5 Ne3 37.Rd4 Rf3 38.Kd2 Nf5 39.Rb4 Rxh3 40.Bc7 Rf8 41.b6 h5 42.b7 h4
43.Bd7 Rh2+ 44.Kc3 Rh1 45.Bxf5  1/2-1/2

[Event "Budapest FS02 GM"]
[Site "Budapest"]
[Date "1993.??.??"]
[Round "?"]
[White "Maiwald, Jens Uwe"]
[Black "Lyrberg, Patrik"]
[Result "1/2-1/2"]
[WhiteElo "2400"]
[BlackElo "2395"]

1.d4 Nf6 2.c4 e6 3.Nf3 c5 4.d5 exd5 5.cxd5 d6 6.Nc3 g6 7.g3 Bg7 8.Bg2 O-O
9.O-O Qe7 10.Nd2 Nbd7 11.h3 Re8 12.e4 a6 13.a4 Ne5 14.Qe2 g5 15.Rd1  1/2-1/2

[Event "Budapest FS12 IM-A"]
[Site "Budapest"]
[Date "1993.??.??"]
[Round "11"]
[White "Orso, Miklos"]
[Black "Kecskes, Gabor"]
[Result "1-0"]
[WhiteElo "2390"]
[BlackElo "2220"]

1.d4 Nf6 2.c4 c5 3.d5 e6 4.Nc3 exd5 5.cxd5 d6 6.Nf3 g6 7.Bf4 a6 8.Qa4+ b5
9.Qc2 Bg7 10.e4 O-O 11.Be2 Re8 12.Nd2 Qe7 13.O-O Nbd7 14.Rae1 Ne5 15.h3 Nh5
16.Bh2 Qh4 17.f4 Nd7 18.Bxh5 Qxh5 19.a4 Rb8 20.axb5 axb5 21.Kh1 Ba6 22.Ra1 Ra8
23.Rfe1 c4 24.Na2 Nc5 25.Nb4 Bb7 26.Rxa8 Rxa8 27.e5 dxe5 28.fxe5 Re8 29.b3 Bxe5
30.bxc4 Nd7 31.c5 Nxc5 32.Qxc5 Rc8 33.Qxb5 Bxh2 34.Kxh2 Rb8 35.Nc6 Qh4 36.Re4  1-0

[Event "Capablanca mem-C"]
[Site "?"]
[Date "1993.??.??"]
[Round "11"]
[White "Gonzalez Garcia, Jose"]
[Black "Garmendez Gonzalez, Carlos"]
[Result "1-0"]
[WhiteElo "2330"]
[BlackElo "2225"]

1.d4 Nf6 2.c4 e6 3.Nf3 c5 4.d5 exd5 5.cxd5 d6 6.Nc3 Be7 7.e4 O-O 8.Bd3 Re8
9.O-O Bg4 10.h3 Bxf3 11.Qxf3 Nfd7 12.Qd1 a6 13.f4 Bf6 14.a4 g6 15.Qf3 Bg7
16.Bd2 c4 17.Bxc4 Qb6+ 18.Kh1 Qxb2 19.Rad1 Qb6 20.e5 dxe5 21.d6 Nc6 22.Bxf7+ Kh8
23.Nd5 Qc5 24.Bxe8 Rxe8 25.Nc7 e4 26.Qb3 e3 27.Nxe8 e2 28.Qf7  1-0

[Event "Cappelle op"]
[Site "Cappelle la Grande"]
[Date "1993.??.??"]
[Round "9"]
[White "Pichler, Juergen"]
[Black "Bouhallel, Rabah"]
[Result "1/2-1/2"]
[WhiteElo "2425"]
[BlackElo "2245"]

1.d4 Nf6 2.Nf3 e6 3.c4 c5 4.d5 exd5 5.cxd5 d6 6.Nc3 g6 7.e4 Bg7 8.h3 O-O
9.Bd3 a6 10.a4 Nbd7 11.O-O Re8 12.Bf4 c4 13.Bc2 Qc7 14.Bh2 Rb8 15.Re1 h6
16.Qd2 Nh7 17.Kh1 Qc5 18.a5 b5 19.axb6 Qxb6 20.Rab1 g5 21.Nd1 Qc7 22.Ba4 Rb6
23.Nd4 Nhf6 24.Nc3 Nc5 25.Bxe8 Nxe8 26.Nf5 Bxf5 27.exf5 Nf6 28.Re3 Qb7 29.Qc2 Nd3
30.b3 Nb4 31.Qe2 cxb3 32.Rxb3 Nbxd5 33.Rxb6 Nxb6 34.Bxd6 Qd7 35.Bc5 Na4 36.Re7 Nxc3
37.Rxd7 Nxe2 38.Ra7 Ne4 39.Bb6 Bd4 40.Bxd4 Nxd4 41.Rxa6 Kg7 42.Ra4 Nxf2+
43.Kg1 Nxh3+ 44.gxh3 Nxf5 45.Kg2 Kg6 46.Ra6+ f6 47.Kf3 h5 48.Rb6 Nh6 49.Ra6  1/2-1/2

[Event "Cherepovets"]
[Site "Cherepovets"]
[Date "1993.??.??"]
[Round "?"]
[White "Dokuchaev, Aleksander"]
[Black "Dommes, Vladimir M"]
[Result "1/2-1/2"]
[WhiteElo "2405"]
[BlackElo "2320"]

1.d4 Nf6 2.c4 e6 3.Nf3 c5 4.d5 exd5 5.cxd5 d6 6.Nc3 g6 7.e4 Bg7 8.h3 O-O
9.Bd3 Re8 10.O-O a6 11.a4 Nbd7 12.Bf4 Qc7 13.Re1 Nh5 14.Bh2 Ne5 15.Be2 Nxf3+
16.Bxf3 Nf6 17.e5 dxe5 18.d6 Qb6 19.Bxe5 Be6  1/2-1/2

[Event "Copenhagen op15"]
[Site "Copenhagen"]
[Date "1993.??.??"]
[Round "1"]
[White "Henrichsen, Jens"]
[Black "Emms, John M"]
[Result "0-1"]
[WhiteElo "2190"]
[BlackElo "2450"]

1.d4 Nf6 2.c4 e6 3.Nf3 c5 4.d5 d6 5.Nc3 exd5 6.cxd5 g6 7.e4 a6 8.a4 Bg4 9.Be2 Bxf3
10.Bxf3 Nbd7 11.O-O Bg7 12.Bf4 Qe7 13.Re1 O-O 14.Qd2 Rfe8 15.a5 h5 16.h3 Rac8
17.b3 Nh7 18.Rac1 Bd4 19.Be3 Bf6 20.Bf4 Ng5 21.Qe2 Ne5 22.Bxe5 Bxe5 23.Nd1 Nxh3+
24.gxh3 Qg5+ 25.Kf1 Qxc1 26.Ne3 Qb2  0-1

[Event "CZE-ch"]
[Site "?"]
[Date "1993.??.??"]
[Round "2"]
[White "Hracek, Zbynek"]
[Black "Knazovcik, Ladislav"]
[Result "1-0"]
[WhiteElo "2510"]
[BlackElo "2280"]

1.d4 Nf6 2.Nf3 c5 3.d5 e6 4.c4 exd5 5.cxd5 d6 6.Nc3 g6 7.e4 Bg7 8.h3 O-O
9.Bd3 b5 10.Nxb5 Re8 11.O-O Nxe4 12.Re1 a6 13.Na3 Nf6 14.Rxe8+ Nxe8 15.Nc4 Bb7
16.Bc2 Nd7 17.Bd2 Bxd5 18.Ba5 Bxf3 19.Qxf3 Qc8 20.Bb3 Rb8 21.Re1 Ndf6 22.Rd1 d5
23.Nb6 Qc7 24.Bxd5 Rxb6 25.Bc4 Qb7 26.Bxb6 Qxb6 27.Rd7 Qxb2 28.Bxf7+ Kh8
29.Rd8 Qa1+ 30.Qd1 Qxd1+ 31.Rxd1 Bf8 32.Bxe8 Nxe8 33.Rd8 Kg8 34.Rxe8 Kf7
35.Re4 Bg7 36.Kf1 Bc3 37.Ke2 a5 38.Kd3 Bb4 39.Kc4 Kf6 40.Re3 Kf5 41.a3 Bd2
42.Rf3+ Ke4 43.Kxc5 g5 44.a4 h5 45.Rf7 Kd3 46.g3 Ke2 47.Rf5 h4 48.Kd4 Be1
49.gxh4 gxh4 50.Ke4 Bxf2 51.Rxa5 Bg3 52.Rf5 Bd6 53.a5  1-0

[Event "CZE-chT"]
[Site "?"]
[Date "1993.??.??"]
[Round "?"]
[White "Cech, Pavel"]
[Black "Prymula, Roman"]
[Result "1-0"]
[WhiteElo "2315"]
[BlackElo "2275"]

1.d4 Nf6 2.c4 c5 3.d5 e6 4.Nc3 exd5 5.cxd5 d6 6.Nf3 g6 7.g3 Bg7 8.Bg2 O-O
9.O-O Re8 10.Bf4 h6 11.Rc1 Na6 12.Re1 g5 13.Bd2 Bf5 14.Qb3 Re7 15.h4 g4 16.Nh2 Qd7
17.e4 Bg6 18.Nf1 Rae8 19.Qc4 Nc7 20.a4 a6 21.a5 Nb5 22.b4 Nd4 23.bxc5 dxc5
24.d6 Nf3+ 25.Kh1 Nxd2 26.Nxd2 Qxd6 27.Nb3 Re5 28.Re2 Qe7 29.Rce1 Bf8 30.Nc1 Qc7
31.Nd3 Qxa5 32.Nxe5 Rxe5 33.Nd5 Ne8 34.Nf4 Bh7 35.Nd3 Nd6 36.Qc1 Rh5 37.Nf4 Re5
38.Nd3 c4 39.Nxe5 Qxe5 40.Rd1 b5 41.Rd5 Qe6 42.e5 Bd3 43.exd6 Qxe2 44.d7 Be7
45.Qxh6  1-0

[Event "Doha"]
[Site "Doha"]
[Date "1993.??.??"]
[Round "6"]
[White "Al Khateeb, Ahmed"]
[Black "Guseinov, Aidyn"]
[Result "0-1"]
[WhiteElo "2300"]
[BlackElo "2395"]

1.d4 Nf6 2.c4 e6 3.Nf3 c5 4.d5 exd5 5.cxd5 d6 6.Nc3 g6 7.Nd2 Bg7 8.e4 O-O
9.Be2 a6 10.a4 Nbd7 11.O-O Re8 12.Re1 g5 13.Ra3 Ne5 14.Nf1 h6 15.Ne3 Ng6
16.Bd3 b6 17.Rb3 Qc7 18.Nc4 Rb8 19.g3 Ng4 20.Kg2 Bd4 21.Rf1 Qd7 22.Ne2 Nxh2
23.Kxh2 Qh3+ 24.Kg1 Bg4 25.Bc2 b5 26.axb5 axb5 27.Nd2 Ne5 28.Nxd4 Bxd1 29.g4 Qxg4+
30.Rg3 cxd4 31.Bxd1 Qc8 32.Nb3 Ng6 33.f4 Rxe4 34.fxg5 h5 35.Bxh5 Qe8 36.Bf3 Qe5
37.Kg2 Re1 38.Rf2 Re3 39.Na5 Nf4+ 40.Kh2 Nh5  0-1

[Event "Eger op"]
[Site "Eger"]
[Date "1993.??.??"]
[Round "6"]
[White "Zimmerman, Yuri"]
[Black "Sziebert, Adam"]
[Result "1-0"]
[WhiteElo "2360"]
[BlackElo "2285"]

1.d4 Nf6 2.c4 c5 3.d5 e6 4.Nc3 exd5 5.cxd5 d6 6.Nf3 g6 7.h3 Bg7 8.e4 O-O
9.Bd3 Bd7 10.a4 Na6 11.O-O Nb4 12.Bc4 Re8 13.Re1 a6 14.Bf4 b5 15.Bf1 Qb6
16.e5 dxe5 17.Nxe5 bxa4 18.Nxd7 Nxd7 19.Nxa4 Rxe1 20.Qxe1 Qb7 21.Rc1 Qxd5
22.g3 Nd3 23.Rd1 c4 24.Rxd3 cxd3 25.Bg2 Qb3 26.Bxa8 d2 27.Bxd2 Qxa4 28.Qe8+ Bf8
29.Bd5 Qd1+ 30.Kh2 Ne5 31.Bh6  1-0

[Event "ESP-ch playoff"]
[Site "?"]
[Date "1993.??.??"]
[Round "2"]
[White "Garcia Ilundain, David"]
[Black "Martin Gonzalez, Angel"]
[Result "1/2-1/2"]
[WhiteElo "2480"]
[BlackElo "2405"]

1.d4 Nf6 2.Nf3 e6 3.c4 c5 4.d5 exd5 5.cxd5 d6 6.Nc3 g6 7.e4 Bg7 8.Bb5+ Bd7
9.a4 O-O 10.Nd2 Re8 11.O-O Bxb5 12.axb5 Nbd7 13.Qc2 Qe7 14.Ra4 Nb6 15.Ra3 Qd7
16.b3 Qe7  1/2-1/2

[Event "ESP-chT"]
[Site "?"]
[Date "1993.??.??"]
[Round "?"]
[White "Solana Suarez, Ernesto"]
[Black "Martin Gonzalez, Angel"]
[Result "1-0"]
[WhiteElo "2335"]
[BlackElo "2425"]

1.d4 Nf6 2.Nf3 c5 3.d5 e6 4.c4 exd5 5.cxd5 d6 6.Nc3 g6 7.Nd2 Bg7 8.Nc4 O-O
9.Bf4 Na6 10.e3 Ne8 11.Be2 g5 12.Bg3 f5 13.f4 h6 14.Qd2 Qe7 15.O-O Bd7 16.a4 g4
17.Rae1 h5 18.Bd1 h4 19.Bf2 h3 20.gxh3 gxh3 21.Bf3 Bxa4 22.e4 Bb3 23.Na5 c4
24.Nxb3 cxb3 25.e5 Rc8 26.Kh1 Nc5 27.Rg1 b5 28.exd6 Qxd6 29.Bd4 b4 30.Rxe8 Rfxe8
31.Bxg7 bxc3 32.Bxc3+ Kf8 33.Qd4 Rc7 34.Rg8+ Kxg8 35.Qh8+ Kf7 36.Qg7+  1-0

[Event "FRA"]
[Site "FRA"]
[Date "1993.??.??"]
[Round "?"]
[White "Guyard, Bertrand"]
[Black "Armas, Jorge"]
[Result "0-1"]
[WhiteElo "2180"]
[BlackElo "2435"]

1.d4 Nf6 2.Nf3 c5 3.d5 e6 4.c4 exd5 5.cxd5 d6 6.Nc3 g6 7.Bf4 a6 8.a4 Bg7
9.e4 O-O 10.Be2 Bg4 11.O-O Qe7 12.Nd2 Bxe2 13.Qxe2 Nbd7 14.Nc4 Ne8 15.Rfe1 Rb8
16.Rad1 Ne5 17.Bg3 Nc7 18.Ne3 b5 19.f4 Nd7 20.e5 Rfc8 21.Ne4 Ne8 22.Nxd6 Nxd6
23.exd6 Qxd6 24.axb5 axb5 25.f5 Be5 26.Nc4 bxc4 27.Bxe5 Nxe5 28.Qxe5 Qxe5
29.Rxe5 Rxb2 30.d6 Kg7 31.d7 Rd8 32.Rxc5 Rb7 33.fxg6 hxg6 34.Rxc4 Rdxd7 35.Rxd7 Rxd7
36.Kf2 Rd3 37.Rc6 f5 38.Re6 Kh6 39.Rb6 Kh5 40.Rb2 Ra3 41.Rc2 Kg4 42.Rb2 Ra4
43.Rc2 g5 44.Rb2 Kf4 45.Rc2 Ke4 46.Re2+ Kf4 47.Rb2 g4 48.Rc2 Ra3 49.Rc4+ Ke5
50.Rc5+ Ke4 51.Rc4+ Kd5 52.Rb4 Ke5 53.Rb5+ Kf4 54.Rb4+ Kg5 55.Rb5 Ra1 56.Kg3 Ra2
57.h4+ Kg6 58.Rc5 Ra3+ 59.Kf4 Ra4+ 60.Kg3 Ra1 61.Kf4 Rh1 62.Rc6+ Kh5 63.Rc8 Rf1+
64.Ke3 Kxh4 65.Rc2 Kg3 66.Re2 f4+ 67.Ke4 Rf2  0-1

[Event "FRA"]
[Site "FRA"]
[Date "1993.??.??"]
[Round "?"]
[White "Szabolcsi, Janos"]
[Black "Armas, Iulius"]
[Result "1-0"]
[WhiteElo "2380"]
[BlackElo "2435"]

1.d4 Nf6 2.c4 c5 3.d5 e6 4.Nc3 exd5 5.cxd5 d6 6.Nf3 g6 7.Bg5 Bg7 8.e3 O-O
9.Nd2 h6 10.Bh4 a6 11.a4 Nbd7 12.Be2 Re8 13.O-O Qc7 14.e4 Rb8 15.f4 c4 16.Kh1 b5
17.axb5 axb5 18.e5 dxe5 19.fxe5 Nh7 20.e6 fxe6 21.dxe6 Rxe6 22.Bg4 Re8 23.Nde4 Qc6
24.Nd6 Ne5 25.Bxc8 Rexc8 26.Nxc8 Qxc8 27.Qd5+ Kh8 28.Bg3 b4 29.Bxe5 bxc3
30.Bxg7+ Kxg7 31.Ra7+ Kh8 32.Qe5+  1-0

[Event "Gausdal Int"]
[Site "Gausdal"]
[Date "1993.??.??"]
[Round "1"]
[White "Lahlum, Hans Olav"]
[Black "Maus, Soenke"]
[Result "0-1"]
[WhiteElo "2220"]
[BlackElo "2415"]

1.d4 Nf6 2.c4 c5 3.d5 e6 4.Nc3 exd5 5.cxd5 d6 6.Nf3 g6 7.Bf4 Qe7 8.Qa4+ Bd7
9.Qb3 b5 10.Nxb5 Bxb5 11.Qxb5+ Nbd7 12.O-O-O Rb8 13.Qd3 Bg7 14.e4 Nh5 15.Bg5 Bxb2+
16.Kc2 f6 17.Bh6 Kf7 18.g4 Ng7 19.g5 Ne5 20.Nxe5+ Bxe5 21.Bh3 Rb2+ 22.Kc1 Rhb8
23.gxf6 Qxf6 24.Be3 Rxa2 25.f4 Bxf4 26.e5 Qxe5  0-1

[Event "Troll Masters"]
[Site "Gausdal"]
[Date "1993.??.??"]
[Round "6"]
[White "Nordahl, Helge"]
[Black "Emms, John M"]
[Result "1/2-1/2"]
[WhiteElo "2240"]
[BlackElo "2450"]

1.d4 Nf6 2.c4 e6 3.Nf3 c5 4.d5 d6 5.Nc3 exd5 6.cxd5 g6 7.Bf4 a6 8.e4 Bg7
9.Qa4+ Kf8 10.Be2 Qe7 11.O-O Nbd7 12.h3 Rb8 13.Qc2 b5 14.Rfe1 Ne8 15.Rad1 h6
16.Bf1 g5 17.Bh2 Ne5 18.Nxe5 Bxe5 19.Bxe5 Qxe5 20.Ne2 Bd7 21.Nc1 c4 22.Ne2 Rc8
23.Nd4 f6 24.Qd2 h5 25.g3 h4 26.g4 Rh7 27.Qa5 Nc7 28.Qb6 Be8 29.Nf3 Qe7 30.Nd4 Qe5
31.Nf3 Qe7 32.Nd4 Qe5 33.Nf3  1/2-1/2

[Event "GER-ch (Women)"]
[Site "Germany"]
[Date "1993.??.??"]
[Round "?"]
[White "Bielicki, Birke"]
[Black "Koglin, Anke"]
[Result "1/2-1/2"]
[WhiteElo "2225"]
[BlackElo "2130"]

1.d4 Nf6 2.Nf3 c5 3.d5 d6 4.c4 e6 5.Nc3 exd5 6.cxd5 g6 7.e4 Bg7 8.Nd2 a6
9.a4 O-O 10.Be2 Re8 11.O-O Nbd7 12.f3 Rb8 13.Nc4 Ne5 14.Bg5 Nxc4 15.Bxc4 h6
16.Be3 g5 17.Qd2 Nd7 18.f4 gxf4 19.Rxf4 Ne5 20.Be2 Bd7 21.Raf1 Rf8 22.Nd1 Bxa4
23.Rf5 Bd7 24.Rh5 Bg4 25.Bxg4 Nxg4 26.Bxh6 Nxh6 27.Rxh6 Qe7 28.Rf3 Qxe4 29.Rg3 Qd4+
30.Qxd4 cxd4 31.Rxd6 Rfd8 32.Rxd8+ Rxd8 33.Rb3 Rxd5 34.Rxb7 Rc5 35.Kf1 Rc1
36.Ke1 a5 37.Rb6 Rc2 38.Nf2 Bf8 39.Rb3 Kg7 40.Kf1 Bd6 41.h3 Bf4 42.Nd1 Rd2
43.Nf2 Be3 44.Ng4 Bf4 45.g3 Bd6 46.Nf2 a4 47.Ne4 Rc2 48.Rb5 Bc7 49.Rb4 d3
50.Rxa4 f5 51.Nf2 d2 52.Nd1 Bxg3 53.Ke2 Be1 54.Ne3 Rc5 55.Rd4 Re5 56.Kf3 Kf6
57.Nc4 Re4 58.Rd6+ Ke7 59.Nxd2 Rh4 60.Rd5 Ke6 61.Rd8 Bxd2  1/2-1/2